| 000 | 00871nam a22002177a 4500 | ||
|---|---|---|---|
| 999 |
_c61130 _d61130 |
||
| 005 | 20231221130244.0 | ||
| 008 | 231221s1966 ru ||||| |||| 00| 0 rus d | ||
| 020 | _a580218189X | ||
| 041 | _arus | ||
| 080 | _a7(38) B-43 | ||
| 100 |
_aВинкельман, И. И. _920839 |
||
| 245 |
_aИзбранные произведения и письма / _cИ.И. Винкельман; пер. с нем. А.А. Алявдиной. |
||
| 264 |
_a М.-Л. : _bЛадомир, _c1966. |
||
| 300 |
_a685 с.: _b17 см. |
||
| 653 | _aფერწერა | ||
| 653 | _aქანდაკება | ||
| 653 | _aუძველესი ხელოვნების ისტორია | ||
| 653 | _aგერმანული ესთეტიკა | ||
| 700 |
_aАлявдина, А.А. _eმთარგმნელი _920840 |
||
| 942 |
_2udc _cᲬᲘᲒᲜᲘ |
||